Assessment of the Financial Position of Businesses Operating within a Certain Sector of the National Economy
Finančná situácia podniku má značný vplyv na jeho prevádzkovú činnosť, výnosy, náklady a v konečnom dôsledku aj na zisk a stratu na konci ekonomického cyklu. Vyzdvihnutie finančnej stability spoločnosti a overovanie jej odolnosti v podmienkach slovenského trhu. Ekonomický sektor NACE H (doprava a sk...
Salvato in:
| Autore principale: | |
|---|---|
| Altri autori: | |
| Natura: | Capitolo di libro |
| Lingua: | inglese |
| Soggetti: | |
| Tags: |
Nessun Tag, puoi essere il primo ad aggiungerne!!
|
MARC
| LEADER | 00000naa a2200000 4500 | ||
|---|---|---|---|
| 001 | 0299392 | ||
| 005 | 20240426090452.4 | ||
| 041 | 0 | |a eng | |
| 044 | |a SK | ||
| 245 | 1 | 0 | |a Assessment of the Financial Position of Businesses Operating within a Certain Sector of the National Economy |c Marek Nagy, Katarína Valášková |
| 520 | |a Finančná situácia podniku má značný vplyv na jeho prevádzkovú činnosť, výnosy, náklady a v konečnom dôsledku aj na zisk a stratu na konci ekonomického cyklu. Vyzdvihnutie finančnej stability spoločnosti a overovanie jej odolnosti v podmienkach slovenského trhu. Ekonomický sektor NACE H (doprava a skladovanie), ktorý je v analyzovanom kontexte druhou najdôležitejšou divíziou, bol vybraný s cieľom zdôrazniť význam prognózovania finančného blahobytu. | ||
| 610 | 2 | 0 | |a analýza finančná |
| 610 | 2 | 0 | |a hodnotenie |
| 610 | 2 | 0 | |a bankrot |
| 610 | 2 | 0 | |a priemysel automobilový |
| 610 | 2 | 0 | |a podnik |
| 610 | 2 | 0 | |a prosperita ekonomická |
| 610 | 2 | 0 | |a ekonomika |
| 100 | 1 | |a Nagy, Marek | |
| 700 | 1 | |a Valášková, Katarína | |